Hướng dẫn ôn tập môn Triết học Mác-Lênin

Spremljeno u:
Bibliografski detalji
Format: Knjiga
Jezik:Undetermined
Izdano: Hà Nội Giáo Dục 1998
Teme:
Oznake: Dodaj oznaku
Bez oznaka, Budi prvi tko označuje ovaj zapis!
Thư viện lưu trữ: Trung tâm Học liệu Trường Đại học Cần Thơ
LEADER 00635nam a2200181Ia 4500
001 CTU_52290
008 210402s9999 xx 000 0 und d
020 |c 6500 
082 |a 335.411076 
082 |b H561 
245 0 |a Hướng dẫn ôn tập môn Triết học Mác-Lênin 
245 0 |c Phạm Văn Hùng ... [et al.] 
260 |a Hà Nội 
260 |b Giáo Dục 
260 |c 1998 
650 |a Philossophy, marxist,Dialectical materialism 
904 |i Mai chuyển từ số 146.32 thành 335.411076 chưa in nhãn,Qhieu đã sửa 
980 |a Trung tâm Học liệu Trường Đại học Cần Thơ